Voltaire / (Record no. 165811)

MARC details
000 -LEADER
campo de control de longitud fija 00830nam a2200205 i 4500
001 - NÚMERO DE CONTROL
campo de control 165811
003 - IDENTIFICADOR DE NÚMERO DE CONTROL
campo de control ES-MaACL
005 - FECHA Y HORA DE LA ÚLTIMA TRANSACCIÓN
campo de control 20250716025403.0
008 - DATOS DE LONGITUD FIJA--INFORMACIÓN GENERAL
campo de control de longitud fija 991011s1876 fr |||| | fre d
040 ## - FUENTE DE CATALOGACIÓN
Centro catalogador/agencia de origen CAM
Lengua de catalogación spa
Centro/agencia transcriptor CAM
100 1# - ENTRADA PRINCIPAL--NOMBRE DE PERSONA
Nombre de persona Strauss, David Friedrich.
9 (RLIN) 108397
245 10 - MENCIÓN DEL TÍTULO
Título Voltaire /
Mención de responsabilidad, etc. six conférences de David-Frédéric Strauss; ouvrage traduit de l'allemand sur la troisième édition par Louis Narval; et précédé d'une lettre-préface du traducteur a M.E. Littré.
260 ## - PUBLICACIÓN, DISTRIBUCIÓN, ETC.
Lugar de publicación, distribución, etc. Paris :
Nombre del editor, distribuidor, etc. C. Reinwald et C\pie\s,
Fecha de publicación, distribución, etc. 1876 (
Fabricante typographie Paul Schmidt)
300 ## - DESCRIPCIÓN FÍSICA
Extensión XXX, 392 p. ;
Dimensiones 22 cm.
600 04 - PUNTO DE ACCESO ADICIONAL DE MATERIA--NOMBRE DE PERSONA
Nombre de persona Voltaire,
Fechas asociadas al nombre 1694-1778
9 (RLIN) 115721
700 1# - ENTRADA AGREGADA--NOMBRE PERSONAL
Nombre de persona Narval, Louis.
9 (RLIN) 130397
700 1# - ENTRADA AGREGADA--NOMBRE PERSONAL
Nombre de persona Littré, Émile,
Fechas asociadas al nombre 1801-1881
9 (RLIN) 128979
852 ## - LOCALIZACIÓN
Ubicación ES-MaACL
Número de control de estantería F-10444
Nota libre -- Enc. pasta
Holdings
Estatus retirado Estado de pérdida Estado de daño No para préstamo Colección Biblioteca de origen Biblioteca actual Ubicación en estantería Fecha de adquisición Fuente de adquisición Total de préstamos Signatura topográfica completa Código de barras Visto por última vez Precio de reemplazo Tipo de ítem Koha
        Libros del s. XIX Biblioteca del Ateneo de Madrid Biblioteca del Ateneo de Madrid Sala Pecera Planta 2 17/01/2008     F-10444 1173889 23/02/2023 23/02/2023 Libro impreso antiguo